Las Finanzas: la teología fundamentalista del Banco Mundial /
محفوظ في:
| المؤلف الرئيسي: | |
|---|---|
| التنسيق: | نص |
| الموضوعات: | |
| الوسوم: |
إضافة وسم
لا توجد وسوم, كن أول من يضع وسما على هذه التسجيلة!
|
MARC
| LEADER | 00000 a a2200000 04500 | ||
|---|---|---|---|
| 001 | 247 | ||
| 003 | |||
| 040 | |||
| 100 | |a Miheve, John | ||
| 245 | |a Las Finanzas: |b la teología fundamentalista del Banco Mundial / |c John Miheve | ||
| 650 | |a BANCO MUNDIAL | ||
| 650 | |a PAISES EN DESARROLLO | ||
| 650 | |a DESARROLLO ECONOMICO | ||
| 650 | |a RELIGION | ||
| 650 | |a DISCURSOS | ||
| 650 | |a IGLESIA | ||
| 650 | |a ECONOMIA | ||
| 650 | |a AFRICA | ||
| 773 | |g número 14; páginas 65-72 | ||
| 999 | |c 23406 |d 23406 | ||
| 773 | 0 | |0 41952 |9 3377 |d Madrid: Solidaridad para el desarrollo y la paz, SODEPAZ-SODEPAU; Asociación Andaluza por la solidaridad y la paz 1990- |o 02770 |t Africa América Latina: |x 11302569 | |
